000 00618nam a22001937a 4500
010 _a169104
035 _a169104
037 _bCen Lib / Ret
040 _aDPL
_bEN
082 _a603
_bENC
245 _aMcGraw-Hill encyclopedia of science and technology :
_ban international reference work in fifteen volumes including an index /
260 _aNew York
_b McGraw-Hill
_c1960
270 _a McGraw-Hill
_bNew York
300 _a(v 3. 661p)
_c27cm(Hb)
505 _av 3. CHA-CYT
650 _aScience -- Encyclopedias.
650 _aTechnology -- Encyclopedias.
942 _2ddc
_cEN
_h603
_mENC
999 _c136992
_d136992